| 000 | 00728nam a2200241 a 4500 | ||
|---|---|---|---|
| 001 | 17696 | ||
| 003 | CO-ViMGA | ||
| 008 | 141112s2004 ck r 000 u spa d | ||
| 020 | _a8472901289 | ||
| 040 |
_aCO-ViMGA _bspa _cCO-ViMGA |
||
| 082 | 0 | 4 | _a341.481 M673 |
| 100 | 1 |
_aMoreau Defarges, Philippe _925115 |
|
| 245 | 1 | 0 | _aArrepentimiento y reconciliación |
| 260 |
_aBarcelona (España), _cBellaterra, _c1999 |
||
| 300 | _a119.p. | ||
| 490 | _aLa biblioteca del ciudadano | ||
| 590 | _aForma de adquisición : Premio - Mincultura | ||
| 650 | 1 | 4 |
_aARREPENTIMIENTO _925116 |
| 650 | 1 | 4 |
_aCRIMENES DE LESA HUMANIDAD _917213 |
| 650 | 1 | 4 | _aDERECHO INTERNACIONAL HUMANITARIO |
| 650 | 1 | 4 |
_aRECONCILIACION _925117 |
| 942 |
_2ddc _cBK |
||
| 999 |
_c27181 _d27181 |
||